000 00720nam a2200241 a 4500
001
003 DO-SdBNP
005 20220223125143.0
008 090915s1997 dr 001 p spa d
020 _a848954607X
040 _aDO-SdBNP
_bspa
_cBPMSU
082 _aRD861.44
_bM351Le 1997
_222
100 1 _aMármol, José,
_d1960-
245 1 0 _aLengua de paraíso y otros poemas /
_cJosé Mármol.
260 _aSanto Domingo :
_bAmigo del Hogar,
_c1997.
300 _a147 p. ;
_c22 cm.
500 _aIncluye datos biográficos del autor en la solapa de la cubierta
590 _aInventariado, 2022/VM
650 4 _aPoesía dominicana
650 4 _aLiteratura dominicana.
910 _aVMateo V.
942 _2ddc
_cBK
999 _c14045
_d14045